| 000 | 01303nam a22003977a 4500 | ||
|---|---|---|---|
| 003 | CHAP | ||
| 005 | 20230508122916.0 | ||
| 008 | 971013s1992 us a r 00010 eng d | ||
| 010 | _a7154 | ||
| 011 | _a8126 | ||
| 035 | _a7351 | ||
| 040 | _cCHAP | ||
| 082 |
_a633.2 _bS88 1992 |
||
| 100 | 1 | 0 |
_aStubbendieck, James _eeditor _9110043 |
| 245 | 1 | _aNorth american range plants | |
| 250 | _a4ed. | ||
| 260 |
_aLincoln : _bUniversity of Nebraska, _c1992 |
||
| 300 |
_a493 p. : _bilus. |
||
| 500 | _a64-121 | ||
| 590 |
_aBATCH-UPD _b10 _c20130109 _lUCH01 _h2343 |
||
| 590 |
_aBATCH-UPD _b10 _c20130110 _lUCH01 _h0316 |
||
| 590 |
_aBATCH-UPD _b10 _c20130110 _lUCH01 _h1807 |
||
| 590 |
_aBATCH-UPD _b10 _c20130410 _lUCH01 _h0519 |
||
| 590 |
_aBATCH-UPD _b10 _c20130914 _lUCH01 _h0759 |
||
| 590 |
_aCONVERSION _b10 _c20130109 _lUCH01 _h1305 |
||
| 650 | 1 | 4 |
_aGramíneas _xClasificación. _950264 |
| 650 | 1 | 4 |
_aPastos forrajeros. _986094 |
| 650 | 1 | 4 |
_aPastos _xE.U.A. _986018 |
| 650 | 1 | 4 |
_aPlantas forrajeras _xE.U.A. _988957 |
| 700 | 0 |
_aButterfield, Charles H. _916455 |
|
| 700 | 0 |
_aHatch Stephan L. _953060 |
|
| 901 | _aBK | ||
| 942 | _cLIBRO | ||
| 949 |
_a633.2 S88 1992 _bBC _cC _d33724000653424 _eC _gI. c/e _h83028 _i7351 _si _t76.00 |
||
| 949 |
_a633.2 S88 1992 _bBC _cC _d33724002255454 _eC _fc.2 _gDonaciØn _h114521 _i7351 _sb |
||
| 999 |
_c7154 _d7154 |
||